Statystyki dla Jakie zwierzęta możemy spotkać na wsi ?

Kliknij tutaj aby rozwiązać quiz!

Ogólne statystyki

  • Ten quiz został rozwiązany 37 razy
  • Średni wynik to 11 z 15

Statystyki odpowiedzi

Zwierzęta% Poprawnych
kot
100%
krowa
100%
kura
100%
pies
100%
koń
93%
świnia
93%
kaczka
87%
gęś
80%
owca
80%
indyk
73%
koza
67%
mysz
43%
szczur
37%
perliczka
20%
gołębie
17%

Rozkład punktacji

Percentyl według liczby udzielonych odpowiedzi

Procent ludzi z każdym wynikiem

Twoja historia wyników

Nie rozwiązałeś tego quizu